MARC

LEADER 00000nam0a2200000 4500
001 273265
005 20231101234619.0
035 |a (RuTPU)RU\TPU\book\296474 
090 |a 273265 
100 |a 20141024d1965 k y0rusy50 ca 
101 0 |a rus 
102 |a RU 
105 |a a z 001zy 
200 1 |a Геология и петрология южного обрамления Алданского щита  |f Н. Г. Судовиков [и др.]  |g Академия наук СССР (АН СССР) 
210 |a Москва  |c Наука  |d 1965 
215 |a 291с.  |c ил. 
320 |a Библиогр.: с. 283-288. 
606 1 |a Геология  |y Якутия  |2 stltpush  |3 (RuTPU)RU\TPU\subj\72334  |9 85856 
606 1 |a Петрология  |2 stltpush  |3 (RuTPU)RU\TPU\subj\48710  |9 67556 
610 1 |a геологическое изучение 
610 1 |a геологический очерк 
610 1 |a структура 
610 1 |a стратиграфия 
610 1 |a алданский комплекс 
610 1 |a метаморфизм 
610 1 |a ультраметаморфизм 
610 1 |a ультраосновные породы 
610 1 |a гранитоиды 
675 |a 55(571.56)  |v 3 
675 |a 552  |v 3 
701 1 |a Судовиков  |b Н. Г.  |g Николай Георгиевич 
701 1 |a Глебовицкий  |b В. А.  |g Виктор Андреевич 
701 1 |a Другова  |b Г. М.  |g Галина Михайловна 
701 1 |a Крылова  |b М. Д.  |g Мелитина Дмириевна 
701 1 |a Неелов  |b А. Н.  |g Александр Николаевич 
701 1 |a Седова  |b И. С.  |g Ирина Сергеевна 
712 0 2 |a Академия наук СССР (АН СССР)  |2 stltpush  |3 (RuTPU)RU\TPU\col\722 
801 1 |a RU  |b 63413507  |c 20141024 
801 2 |a RU  |b 63413507  |c 20210208  |g RCR 
942 |c BK